=LDR 00000nam 2200000 4500 =001 INLIS000000000005859 =005 20130612094042 =008 ***********************************Ind** =035 ##$$0010-061300000005859 =041 ##$$a Ind =082 ##$$a 220 =090 ##$$a 220, Cer p =100 ##$$a CERMAT, H.L =245 ##$$a Pedoman Alkitab praktis, Alkitab Bagaimana membacanya, H.L. Cermat =260 ##$$a 2000 $b Bandung =300 ##$$a 72 hlm, ilus, 25 cm =650 ##$$a Alkitab =850 ##$$a NBPNMAT